00816 a2200217 4500010001400000020002300014035001300037037001500050082001400065090001500079100002300094245010300117260005200220270005100272300002700323500005100350700001900401942002900420999001500449952013400464 aENG-88540 a8182202000c680.00 aEN-72073 bDBAD / PUB14a338.06019 c8825d88251 aAshok Pratap Singh1 aPshychological implications in industrial performance/cby Ashok Pratap Singh [and] Patiraj Kumari aNew DelhibGlobal Vision Publishing Housec2007 a20, Ansari Road, DaryaganjbNew Delhie110 002 axii, 290p.c22cm (Hb.) aIncludes bibliographical references and index aPatiraj Kumari adplcENk338.06019 / ASH c8665d8665 00102ddc40718NFICaDBADbDBADeDBAD/PUBg680.00l0o338.06019pEN-72073r2008-09-15 00:00:00t1u9607v680.00w2008-09-15yEN